| 000 | 00555nam a22002057a 4500 | ||
|---|---|---|---|
| 003 | OSt | ||
| 005 | 20140310182349.0 | ||
| 008 | 130316t xxu||||| |||| 00| 0 eng d | ||
| 020 | _a9780140502015 | ||
| 050 |
_aPZ 7 _b.M132t 1957 |
||
| 082 |
_aGS 823 _bM13t 1985 |
||
| 100 |
_aMcCloskey, Robert _922084 |
||
| 245 |
_aTime of wonder / _cRobert McCloskey. |
||
| 260 |
_aNew York : _bPuffin Books, _cc1957. |
||
| 300 |
_a63 p. : _c26 cm. _bill, ; |
||
| 541 | _j1 | ||
| 562 | _e1 | ||
| 650 |
_aChildren's literature _91986 |
||
| 942 |
_2lcc _cBK-GS |
||
| 999 |
_c12303 _d12303 |
||